00620 2200229 4500001002100000005001500021035002000036090001600056245005000072260003600122300003800158008004100196082001200237084001400249650002000263500002900283040001700312850001200329041000800341100002300349990001800372INLIS00000000084368320190104023750 a0010-0119000050 aL 190 WAC w10aWardegang der menschheit /cGuenther Wachmuth2 aDornach :bAM Goetheanum,c1953 a271 halaman :bilustrasi ;c25 cm190104 f 0 dut 04223a190 a190 WAC w 4aFilsafat modern aTeks dalam bahasa Jerman aYOPDYOGbind aYOPDYOG0 ager1 aWachmuth, Guenther a61712-PD/A.18